Wszystkie terytoria zależne na świecie - Statystyki

Ogólne statystyki
  • Ten quiz został rozwiązany 108 razy
  • Średni wynik to 20 z 69
Statystyki odpowiedzi
Państwo Kontrolujące Data Utworzenia Nazwa Terytorium % Poprawnych
Dania 1380 Grenlandia
73%
Dania 1380 Wyspy Owcze
68%
Francja 1642 Reunion
64%
Stany Zjednoczone 1898 Guam
55%
Australia 1958 Wyspa Bożego Narodzenia
55%
Stany Zjednoczone 1898 Portoryko
52%
Australia 1955 Wyspy Kokosowe
52%
Francja 1783 Martynika
50%
Holandia 1986 Aruba
48%
Francja 1643 Gujana Francuska
48%
Australia 1914 Norfolk
48%
Francja 1853 Nowa Kaledonia
48%
Francja 1842-1888 Polinezja Francuska
48%
Norwegia 1920 Svalbard
48%
Holandia 2010 Curaçao
43%
Wielka Brytania 1713 Gibraltar
43%
Stany Zjednoczone 1899 Samoa Amerykańskie
43%
Wielka Brytania 1333 Wyspa Man
43%
Nowa Zelandia 1901 Wyspy Cooka
43%
Francja 1775 Gwadelupa
41%
Wielka Brytania 1871 Brytyjskie Wyspy Dziewicze
39%
Wielka Brytania 1833 Falklandy
39%
Stany Zjednoczone 1978 Mariany Północne
39%
Wielka Brytania 1612 Bermudy
36%
Wielka Brytania 1487 Jersey
36%
Nowa Zelandia 1949 Tokelau
36%
Wielka Brytania 1959 Kajmany
34%
Francja 1975 Majotta
34%
Nowa Zelandia 1903 Niue
34%
Francja 2007 Saint-Martin
34%
Wielka Brytania 1832 Montserrat
32%
Stany Zjednoczone 1867 Midway
30%
Francja 1961 Wallis i Futuna
30%
Stany Zjednoczone 1917 Wyspy Dziewicze Stanów Zjednoczonych
30%
Holandia 2010 Bonaire
27%
Norwegia 1922 Jan Mayen
27%
Holandia 2010 Sint Maarten
27%
Wielka Brytania 1204 Guernsey
25%
Wielka Brytania 1952 Pitcairn
23%
Holandia 2010 Saba
20%
Australia 1969 Wyspy Morza Koralowego
20%
Wielka Brytania 1980 Anguilla
18%
Wielka Brytania 1959 Turks i Caicos
18%
Francja 2007 Saint-Barthélemy
16%
Francja 1763 Saint-Pierre i Miquelon
16%
Holandia 2010 Sint Eustatius
16%
Norwegia 1928 Wyspa Bouveta
16%
Australia 1947 Wyspy Heard i McDonalda
16%
Wielka Brytania 1960 Akrotiri
14%
Stany Zjednoczone 1857 Baker
14%
Stany Zjednoczone 1857 Howland
14%
Stany Zjednoczone 1858 Johnston
14%
Stany Zjednoczone 1898 Wake
14%
Nowa Zelandia 1923 Dependencja Rossa
11%
Wielka Brytania 1985 Georgia Południowa i Sandwich Południowy
11%
Stany Zjednoczone 1922 Kingman
11%
Wielka Brytania 1965 Brytyjskie Terytorium Oceanu Indyjskiego
9%
Wielka Brytania 1960 Dhekelia
9%
Francja 1955 Francuskie Terytoria Południowe i Antarktyczne
9%
Stany Zjednoczone 1858 Jarvis
9%
Stany Zjednoczone 1959 Palmyra
9%
Australia 1978 Wyspy Ashmore i Cartiera
9%
Stany Zjednoczone 1857 Navassa
7%
Norwegia 1930 Wyspa Piotra I
7%
Norwegia 1938 Ziemia Królowej Maud
7%
Australia 1933 Australijskie Terytorium Antarktyczne
5%
Francja 1935 Wyspy Clippertona
5%
Wielka Brytania 1962 Brytyjskie Terytorium Antarktyczne
2%
Wielka Brytania 1659 Wyspa Świętej Heleny, Wyspa Wniebowstąpienia i Tristan da Cunha
0%
Nie znaleziono quizów pasujących do podanych kryteriów
Rozkład punktacji
Procent ludzi z każdym wynikiem
Percentyl według liczby udzielonych odpowiedzi
Twoja historia wyników
Nie rozwiązałeś tego quizu